[Event "Titled Tuesday intern op 27th Aug Late"]
[Site "Chess.com INT"]
[Date "2024.08.27"]
[Round "3"]
[White "Hernandez Jimenez, Jeronimo"]
[Black "Amin, Bassem"]
[Result "0-1"]
[WhiteElo "2166"]
[BlackElo "2667"]
[PlyCount "50"]
[EventDate "2024.08.27"]
[EventType "swiss (blitz)"]
[EventRounds "11"]
[EventCountry "USA"]
[SourceTitle "EXT 2025"]
[Source "ChessBase"]
[SourceDate "2024.10.14"]
[SourceVersion "1"]
[SourceVersionDate "2024.10.14"]
[SourceQuality "1"]

1. e4 e5 2. Nf3 Nc6 3. c4 Bc5 4. Nc3 d6 5. d3 f5 6. exf5 Bxf5 7. g3 Nf6 8. Bg2 Nb4 9. 0-0 Bxd3 10. Re1 Bxc4 11. a3 Nc6 12. Nxe5 Nxe5 13. Qa4+ b5 14. Nxb5 0-0 15. Rxe5 Bxf2+ 16. Kxf2 Ng4+ 17. Kg1 Nxe5 18. Bf4 Rb8 19. Bxe5 Bxb5 20. Qb3+ Kh8 21. Bc3 Bf1 22. Bxg7+ Kxg7 23. Qc3+ Qf6 24. Qxc7+ Rf7 25. Qxb8 Qf2+ 0-1

[Event "Titled Tuesday intern op 27th Aug Late"]
[Site "Chess.com INT"]
[Date "2024.08.27"]
[Round "1"]
[White "Slade, Theodore"]
[Black "Amin, Bassem"]
[Result "0-1"]
[WhiteElo "2063"]
[BlackElo "2667"]
[PlyCount "64"]
[EventDate "2024.08.27"]
[EventType "swiss (blitz)"]
[EventRounds "11"]
[EventCountry "USA"]
[SourceTitle "EXT 2025"]
[Source "ChessBase"]
[SourceDate "2024.10.14"]
[SourceVersion "1"]
[SourceVersionDate "2024.10.14"]
[SourceQuality "1"]

1. d4 e6 2. c4 f5 3. g3 Nf6 4. Bg2 Bb4+ 5. Bd2 Be7 6. Nf3 0-0 7. 0-0 Qe8 8. Nc3 d6 9. Qc2 Qg6 10. Rfe1 Ne4 11. Bf4 Nc6 12. d5 Nb4 13. Qb3 a5 14. dxe6 Bxe6 15. Nd4 Nc5 16. Qd1 Bxc4 17. a3 Nba6 18. Nd5 Rae8 19. b4 axb4 20. axb4 Ne4 21. Ne3 Be6 22. Nxe6 Qxe6 23. b5 Nac5 24. Nd5 Bd8 25. Qd4 c6 26. bxc6 bxc6 27. Ne3 Bf6 28. Qb4 Bxa1 29. Rxa1 g5 30. Bxe4 Nxe4 31. f3 gxf4 32. fxe4 fxe3 0-1

[Event "Abu Dhabi op-A 30th"]
[Site "Abu Dhabi"]
[Date "2024.08.24"]
[Round "9"]
[White "Amin, Bassem"]
[Black "Concio, Michael Jr"]
[Result "1/2-1/2"]
[WhiteElo "2667"]
[BlackElo "2373"]
[PlyCount "190"]
[EventDate "2024.08.15"]
[EventType "swiss"]
[EventRounds "9"]
[EventCountry "UAE"]
[SourceTitle "EXT 2025"]
[Source "ChessBase"]
[SourceDate "2024.10.14"]
[SourceVersion "1"]
[SourceVersionDate "2024.10.14"]
[SourceQuality "1"]

1. Nf3 Nf6 2. g3 g6 3. Bg2 Bg7 4. 0-0 0-0 5. c4 d6 6. Nc3 Nc6 7. d4 a6 8. Bf4 Rb8 9. Rc1 Bg4 10. d5 Na5 11. b3 c5 12. dxc6 Nxc6 13. Qd2 Re8 14. Rfd1 Qa5 15. h3 Bf5 16. Ne1 Nd7 17. Bh6 Bh8 18. e4 Be6 19. Nd3 Nc5 20. Nf4 Bd7 21. Nfd5 Be6 22. Qg5 Bxd5 23. Nxd5 Qxa2 24. b4 Ne6 25. Qh4 Ned4 26. Rd2 Qa3 27. Re1 Qb3 28. Bg5 Qxc4 29. Bxe7 Nxe7 30. Nxe7+ Rxe7 31. Qxe7 Qxb4 32. Rdd1 Be5 33. f4 Qb6 34. Kh2 Nc6 35. Qg5 Bc3 36. Rf1 Qb4 37. Qd5 Nd4 38. Rb1 Qc5 39. Rxb7 Rxb7 40. Qxb7 a5 41. e5 Bb4 42. Bd5 Ne6 43. Bxe6 fxe6 44. exd6 Qxd6 45. Rf2 Qd3 46. Qc8+ Kf7 47. Qh8 h5 48. Qh7+ Ke8 49. f5 gxf5 50. Qxh5+ Kd7 51. Qf7+ Be7 52. h4 a4 53. Rb2 a3 54. Rg2 Qd5 55. Qg7 e5 56. Re2 e4 57. Qc3 Ke6 58. Rd2 Qc5 59. Qb3+ Kf6 60. Rc2 Qd6 61. Qb5 Qe5 62. Rc6+ Bd6 63. Qxe5+ Kxe5 64. Ra6 Bb4 65. h5 Kd5 66. h6 e3 67. h7 Bc3 68. Ra5+ Kd6 69. Rxa3 e2 70. h8Q Bxh8 71. Re3 Be5 72. Rxe2 Ke6 73. Kh3 Kf6 74. Kh4 Bd6 75. Re3 Bc7 76. Kh5 f4 77. Rf3 Kf5 78. Rf1 Ke4 79. g4 f3 80. g5 Kf4 81. g6 Be5 82. Kh4 Bf6+ 83. Kh3 Kf5 84. Rxf3+ Kxg6 85. Kg4 Be5 86. Ra3 Kf6 87. Ra6+ Ke7 88. Kf5 Bb8 89. Ke4 Bh2 90. Kd5 Bb8 91. Rb6 Bh2 92. Re6+ Kf7 93. Re3 Bb8 94. Rb3 Bh2 95. Rf3+ Ke7 1/2-1/2

[Event "Abu Dhabi op-A 30th"]
[Site "Abu Dhabi"]
[Date "2024.08.23"]
[Round "8"]
[White "Nurgaliyev, Sauat"]
[Black "Amin, Bassem"]
[Result "1/2-1/2"]
[WhiteElo "2380"]
[BlackElo "2667"]
[PlyCount "47"]
[EventDate "2024.08.15"]
[EventType "swiss"]
[EventRounds "9"]
[EventCountry "UAE"]
[SourceTitle "EXT 2025"]
[Source "ChessBase"]
[SourceDate "2024.10.14"]
[SourceVersion "1"]
[SourceVersionDate "2024.10.14"]
[SourceQuality "1"]

1. e4 e5 2. Nf3 Nc6 3. Nc3 Nf6 4. d4 exd4 5. Nxd4 Bb4 6. Nxc6 bxc6 7. Bd3 d5 8. Bd2 0-0 9. 0-0 Rb8 10. Re1 Bg4 11. Qc1 Re8 12. h3 dxe4 13. Bxe4 Bxh3 14. gxh3 Bxc3 15. Bxh7+ Kxh7 16. Rxe8 Qxe8 17. Bxc3 Qe4 18. Qd2 Qf5 19. Re1 Qxh3 20. Re3 Qf5 21. Rg3 Re8 22. Qg5 Qxg5 23. Rxg5 Rb8 24. Ra5 1/2-1/2

[Event "Abu Dhabi op-A 30th"]
[Site "Abu Dhabi"]
[Date "2024.08.22"]
[Round "7"]
[White "Kushagra, Mohan"]
[Black "Amin, Bassem"]
[Result "1/2-1/2"]
[WhiteElo "2359"]
[BlackElo "2667"]
[PlyCount "90"]
[EventDate "2024.08.15"]
[EventType "swiss"]
[EventRounds "9"]
[EventCountry "UAE"]
[SourceTitle "EXT 2025"]
[Source "ChessBase"]
[SourceDate "2024.10.14"]
[SourceVersion "1"]
[SourceVersionDate "2024.10.14"]
[SourceQuality "1"]

1. e4 e5 2. Nf3 Nc6 3. Bb5 a6 4. Ba4 Nf6 5. 0-0 Be7 6. Re1 b5 7. Bb3 d6 8. c3 Na5 9. Bc2 c5 10. d4 Qc7 11. d5 0-0 12. h3 Nc4 13. b3 Nb6 14. a4 c4 15. axb5 cxb3 16. Bxb3 axb5 17. Rxa8 Nxa8 18. Bc2 Nb6 19. Bd3 Ba6 20. Na3 Rb8 21. Bxb5 Bxb5 22. Nxb5 Qc5 23. Na3 Qxc3 24. Qd2 Qb3 25. Qe3 Qa4 26. Nd2 h6 27. Qe2 Rc8 28. Bb2 Nfd7 29. Ra1 Qb4 30. Rb1 Bg5 31. Nf3 Be7 32. Nd2 Rc5 33. Qd3 f5 34. Bxe5 Nxe5 35. Rxb4 Nxd3 36. Rxb6 Rc1+ 37. Kh2 f4 38. Rb1 Rc3 39. Rb3 Rxb3 40. Nxb3 Nxf2 41. Nd2 Kf7 42. g3 fxg3+ 43. Kxg3 Nd3 44. Nac4 g5 45. Nf3 Nc5 1/2-1/2

[Event "Abu Dhabi op-A 30th"]
[Site "Abu Dhabi"]
[Date "2024.08.21"]
[Round "6"]
[White "Amin, Bassem"]
[Black "Soham, Kamotra"]
[Result "1/2-1/2"]
[WhiteElo "2667"]
[BlackElo "2382"]
[PlyCount "52"]
[EventDate "2024.08.15"]
[EventType "swiss"]
[EventRounds "9"]
[EventCountry "UAE"]
[SourceTitle "EXT 2025"]
[Source "ChessBase"]
[SourceDate "2024.10.14"]
[SourceVersion "1"]
[SourceVersionDate "2024.10.14"]
[SourceQuality "1"]

1. e4 c6 2. d4 d5 3. e5 Bf5 4. Nf3 e6 5. Be2 a6 6. 0-0 Bg6 7. Nbd2 c5 8. c4 Nc6 9. cxd5 exd5 10. dxc5 Bxc5 11. Nb3 Ba7 12. Nbd4 Nge7 13. Be3 0-0 14. e6 Qd6 15. exf7+ Rxf7 16. Rc1 Nxd4 17. Bxd4 Bxd4 18. Nxd4 Nf5 19. Nb3 Rd8 20. Qd2 h6 21. Rfd1 Kh7 22. g3 Qb6 23. Nc5 Rdf8 24. Bd3 Kh8 25. Bxf5 Bxf5 26. Qd4 Qg6 1/2-1/2

[Event "Abu Dhabi op-A 30th"]
[Site "Abu Dhabi"]
[Date "2024.08.20"]
[Round "5"]
[White "Liyanage, Ranindu Dilshan"]
[Black "Amin, Bassem"]
[Result "1/2-1/2"]
[WhiteElo "2370"]
[BlackElo "2667"]
[PlyCount "229"]
[EventDate "2024.08.15"]
[EventType "swiss"]
[EventRounds "9"]
[EventCountry "UAE"]
[SourceTitle "EXT 2025"]
[Source "ChessBase"]
[SourceDate "2024.10.14"]
[SourceVersion "1"]
[SourceVersionDate "2024.10.14"]
[SourceQuality "1"]

1. e4 e5 2. Nf3 Nc6 3. Bc4 Nf6 4. d3 h6 5. c3 d6 6. a4 g6 7. a5 a6 8. 0-0 Bg7 9. Re1 0-0 10. h3 Kh7 11. d4 Nd7 12. Be3 f5 13. exf5 gxf5 14. dxe5 f4 15. Bc1 Ndxe5 16. Bd5 Nxf3+ 17. Bxf3 Qg5 18. Bxc6 bxc6 19. Qf3 Bd7 20. Ra4 Be5 21. Nd2 c5 22. Rae4 Rae8 23. R4e2 Rg8 24. Nc4 Bb5 25. Nxe5 dxe5 26. c4 Bxc4 27. Rc2 e4 28. Qg4 Bd3 29. Rc3 Ref8 30. Qxg5 Rxg5 31. b3 h5 32. f3 c4 33. bxc4 Rg3 34. Kf2 h4 35. Ba3 Rf7 36. Rg1 e3+ 37. Ke1 Bf5 38. Rb3 Rd7 39. Rb2 Rd4 40. Be7 Rxc4 41. Ke2 Rc3 42. Bf6 Bd3+ 43. Kd1 Rc5 44. Rb4 Rg6 45. Rxf4 Rc2 46. Bd4 Rd2+ 47. Ke1 Re2+ 48. Kd1 Rd2+ 49. Ke1 Rc6 50. Bxe3 Re2+ 51. Kd1 Rxe3 52. Kd2 Rce6 53. Rc1 Bg6 54. Rxc7+ Kg8 55. Rc8+ Kg7 56. Rc7+ Kg8 57. Rc8+ Be8 58. Rxh4 Re2+ 59. Kd3 Rxg2 60. Rg4+ Rxg4 61. hxg4 Kf7 62. Kd4 Bc6 63. f4 Bf3 64. Rc7+ Ke8 65. g5 Re4+ 66. Kc5 Rxf4 67. Kb6 Be2 68. g6 Kd8 69. Rf7 Rg4 70. g7 Bc4 71. Rc7 Bd5 72. Ra7 Rg6+ 73. Kc5 Ba2 74. Ra8+ Kd7 75. Ra7+ Kc8 76. Re7 Bb3 77. Kb4 Bd5 78. Kc5 Ba2 79. Ra7 Bb3 80. Re7 Kb8 81. Re8+ Kc7 82. Re7+ Kd8 83. Ra7 Rg5+ 84. Kd6 Kc8 85. Rc7+ Kb8 86. Re7 Rxa5 87. g8Q+ Bxg8 88. Re8+ Kb7 89. Rxg8 Rb5 90. Rg1 a5 91. Rc1 Ka6 92. Rc8 Rb3 93. Kd5 Kb5 94. Kd4 Kb4 95. Rb8+ Ka3 96. Ra8 a4 97. Kc4 Rh3 98. Ra7 Rh8 99. Kc3 Rc8+ 100. Kd2 Kb3 101. Rb7+ Ka2 102. Ra7 a3 103. Ra6 Rc5 104. Ra8 Kb2 105. Rb8+ Ka1 106. Ra8 a2 107. Rb8 Rh5 108. Kc2 Rh2+ 109. Kc1 Rh1+ 110. Kc2 Rb1 111. Rg8 Rb2+ 112. Kc3 Rb7 113. Kc2 Rc7+ 114. Kb3 Rc1 115. Rg2 1/2-1/2

[Event "Abu Dhabi op-A 30th"]
[Site "Abu Dhabi"]
[Date "2024.08.19"]
[Round "4"]
[White "Amin, Bassem"]
[Black "Quizon, Daniel"]
[Result "0-1"]
[WhiteElo "2667"]
[BlackElo "2457"]
[PlyCount "72"]
[EventDate "2024.08.15"]
[EventType "swiss"]
[EventRounds "9"]
[EventCountry "UAE"]
[SourceTitle "EXT 2025"]
[Source "ChessBase"]
[SourceDate "2024.10.14"]
[SourceVersion "1"]
[SourceVersionDate "2024.10.14"]
[SourceQuality "1"]

1. e4 c5 2. Nf3 d6 3. c3 Nf6 4. h3 g6 5. Bd3 Bg7 6. 0-0 0-0 7. Bc2 Nc6 8. d4 e5 9. d5 Ne7 10. a4 h6 11. b4 b6 12. a5 Rb8 13. axb6 axb6 14. Ra7 Bd7 15. Na3 Ra8 16. Rxa8 Qxa8 17. Nd2 cxb4 18. cxb4 b5 19. Nb3 Nh5 20. Na5 Nf4 21. h4 f5 22. g3 Nh5 23. exf5 Nxf5 24. Nc6 Bxc6 25. dxc6 Qxc6 26. Bb3+ Kh8 27. Qd5 Qc8 28. Nc2 e4 29. Ne3 Nd4 30. Kg2 Ne2 31. Qxe4 Nxc1 32. Be6 Qe8 33. Nd5 Nf6 34. Qc2 Qxe6 35. Nf4 Rc8 36. Nxg6+ Kh7 0-1

[Event "Abu Dhabi op-A 30th"]
[Site "Abu Dhabi"]
[Date "2024.08.17"]
[Round "3"]
[White "Abdulrahman Mohammad, Al Taher"]
[Black "Amin, Bassem"]
[Result "0-1"]
[WhiteElo "2175"]
[BlackElo "2667"]
[PlyCount "72"]
[EventDate "2024.08.15"]
[EventType "swiss"]
[EventRounds "9"]
[EventCountry "UAE"]
[SourceTitle "EXT 2025"]
[Source "ChessBase"]
[SourceDate "2024.10.14"]
[SourceVersion "1"]
[SourceVersionDate "2024.10.14"]
[SourceQuality "1"]

1. d4 f5 2. c4 Nf6 3. Nc3 e6 4. a3 Be7 5. Nf3 0-0 6. Qc2 Kh8 7. g3 Qe8 8. Bg2 d6 9. Bf4 Nc6 10. 0-0 Qh5 11. h4 Ng4 12. Qd2 h6 13. d5 Na5 14. dxe6 c6 15. Rad1 Nxc4 16. Qc1 Bxe6 17. Nd4 Bg8 18. f3 Nge5 19. e4 fxe4 20. fxe4 Ng6 21. Nd5 cxd5 22. Bf3 Nxf4 23. Bxh5 Nxh5 24. Nf5 Rxf5 25. exf5 Nxg3 26. Rfe1 Ne4 27. b3 Ne5 28. Qf4 Bxh4 29. Rxe4 Bg5 30. Qg3 dxe4 31. Rxd6 Nf3+ 32. Kg2 Rc8 33. f6 Rc2+ 34. Kf1 Rc1+ 35. Ke2 Re1+ 36. Kf2 Be3+ 0-1

[Event "Abu Dhabi op-A 30th"]
[Site "Abu Dhabi"]
[Date "2024.08.16"]
[Round "2"]
[White "Karthik, Rajaa"]
[Black "Amin, Bassem"]
[Result "1/2-1/2"]
[WhiteElo "2388"]
[BlackElo "2667"]
[PlyCount "80"]
[EventDate "2024.08.15"]
[EventType "swiss"]
[EventRounds "9"]
[EventCountry "UAE"]
[SourceTitle "EXT 2025"]
[Source "ChessBase"]
[SourceDate "2024.10.14"]
[SourceVersion "1"]
[SourceVersionDate "2024.10.14"]
[SourceQuality "1"]

1. e4 e5 2. Nf3 Nc6 3. Nc3 d6 4. d4 Bg4 5. d5 Nd4 6. Be3 Nxf3+ 7. gxf3 Bd7 8. a4 a6 9. a5 g6 10. Qd2 Qh4 11. Ra3 Bh6 12. Nd1 f5 13. exf5 gxf5 14. Bxh6 Qxh6 15. Qxh6 Nxh6 16. f4 0-0-0 17. fxe5 dxe5 18. c4 Rhg8 19. Rg3 f4 20. Rxg8 Rxg8 21. Bd3 Nf5 22. Kd2 h6 23. Bxf5 Bxf5 24. Re1 e4 25. Nc3 Rg2 26. Nxe4 Rxh2 27. Nc5 Rxf2+ 28. Kc3 Kb8 29. Re8+ Ka7 30. Rf8 Rf3+ 31. Kd2 Bg4 32. Nd3 h5 33. Rxf4 Rxf4 34. Nxf4 h4 35. Ke3 b6 36. b4 Kb7 37. c5 bxc5 38. bxc5 Kc8 39. Kf2 Kd8 40. Ng6 h3 1/2-1/2

[Event "Abu Dhabi op-A 30th"]
[Site "Abu Dhabi"]
[Date "2024.08.15"]
[Round "1"]
[White "Amin, Bassem"]
[Black "Ashraf, Artin"]
[Result "1/2-1/2"]
[WhiteElo "2667"]
[BlackElo "2383"]
[PlyCount "68"]
[EventDate "2024.08.15"]
[EventType "swiss"]
[EventRounds "9"]
[EventCountry "UAE"]
[SourceTitle "EXT 2025"]
[Source "ChessBase"]
[SourceDate "2024.10.14"]
[SourceVersion "1"]
[SourceVersionDate "2024.10.14"]
[SourceQuality "1"]

1. Nf3 d5 2. g3 Nd7 3. d4 Nb6 4. Nc3 Bf5 5. Nh4 Bg4 6. h3 Bh5 7. Ng2 e6 8. Nf4 Bg6 9. Nxg6 hxg6 10. Bg2 f5 11. 0-0 Nf6 12. a4 a5 13. Qd3 Ne4 14. Nxe4 dxe4 15. Qb5+ Kf7 16. c3 Bd6 17. f3 Bxg3 18. Bd2 e3 19. Bxe3 Nd5 20. Bd2 Bf4 21. e4 Be3+ 22. Kh1 Rxh3+ 23. Bxh3 Qh4 24. Qe2 Qxh3+ 25. Qh2 Rh8 26. Rf2 Qg3 27. Qxh8 Bxf2 28. exd5 Qxf3+ 29. Kh2 Qg3+ 30. Kh1 Qf3+ 31. Kh2 Bg3+ 32. Kg1 Qf2+ 33. Kh1 Qf3+ 34. Kg1 Qf2+ 1/2-1/2

[Event "HUN-ch Rapid"]
[Site "Ajka"]
[Date "2024.07.21"]
[Round "7"]
[White "Amin, Bassem"]
[Black "Golubovic, Boris"]
[Result "1-0"]
[WhiteElo "2667"]
[BlackElo "2321"]
[PlyCount "97"]
[EventDate "2024.07.20"]
[EventType "swiss (rapid)"]
[EventRounds "11"]
[EventCountry "HUN"]
[SourceTitle "CBM 221 Extra"]
[Source "ChessBase"]
[SourceDate "2024.09.30"]
[SourceVersion "1"]
[SourceVersionDate "2024.09.30"]
[SourceQuality "1"]

1. e4 c5 2. Nf3 d6 3. g3 Nc6 4. Bg2 g6 5. 0-0 Bg7 6. d3 Bg4 7. h3 Bxf3 8. Qxf3 e6 9. c3 Nge7 10. Be3 0-0 11. Qd1 b5 12. a3 a5 13. h4 h5 14. f4 Rb8 15. f5 Nc8 16. Bg5 Bf6 17. fxg6 Bxg5 18. gxf7+ Kg7 19. Qxh5 Be3+ 20. Kh1 Ne5 21. Qe2 Bh6 22. d4 Nxf7 23. Qg4+ Kh8 24. Qg6 Ne7 25. Qxe6 Kg7 26. Qg4+ Kh8 27. Qh5 Kg7 28. Qg4+ Kh8 29. b4 cxd4 30. cxd4 Bg7 31. Qh5+ Kg8 32. Bh3 Nc6 33. Be6 Qe7 34. Bd5 Nxd4 35. Ra2 Ne6 36. Raf2 Ne5 37. Rf5 Rf6 38. Rxf6 Bxf6 39. Qf5 Kf7 40. Qh7+ Ke8 41. Qg8+ Nf8 42. bxa5 Kd7 43. a6 Nc6 44. Qg4+ Kc7 45. Rc1 Rb6 46. a7 Qe8 47. Qf3 Nd7 48. Bxc6 Rxc6 49. Rxc6+ 1-0

[Event "HUN-ch Rapid"]
[Site "Ajka"]
[Date "2024.07.21"]
[Round "9"]
[White "Amin, Bassem"]
[Black "Shirov, Alexei"]
[Result "1/2-1/2"]
[WhiteElo "2667"]
[BlackElo "2665"]
[PlyCount "79"]
[EventDate "2024.07.20"]
[EventType "swiss (rapid)"]
[EventRounds "11"]
[EventCountry "HUN"]
[SourceTitle "CBM 221 Extra"]
[Source "ChessBase"]
[SourceDate "2024.09.30"]
[SourceVersion "1"]
[SourceVersionDate "2024.09.30"]
[SourceQuality "1"]

1. Nf3 d5 2. g3 Nf6 3. Bg2 Bg4 4. c4 c6 5. Ne5 Bf5 6. Qb3 Nbd7 7. d4 Qb6 8. Nxd7 Bxd7 9. Nc3 e6 10. 0-0 Be7 11. c5 Qa6 12. e4 dxe4 13. Nxe4 Nd5 14. Re1 b6 15. Bg5 f6 16. Nd6+ Kf8 17. Bd2 bxc5 18. dxc5 Bxd6 19. cxd6 Kf7 20. Qc2 Rac8 21. Qc5 Qb6 22. b4 Rb8 23. Rab1 Rb7 24. Qc2 g6 25. b5 Rhb8 26. a4 cxb5 27. Bxd5 exd5 28. Re7+ Kg8 29. Rbe1 Bf5 30. Qb3 Qxd6 31. Rxb7 Rxb7 32. axb5 Qd7 33. Bh6 Rxb5 34. Qa3 Rb8 35. h4 Re8 36. Rxe8+ Qxe8 37. Qxa7 Bd7 38. Qc5 Kf7 39. Qxd5+ Qe6 40. Qxe6+ 1/2-1/2

[Event "HUN-ch Rapid"]
[Site "Ajka"]
[Date "2024.07.21"]
[Round "10"]
[White "Kantor, Gergely"]
[Black "Amin, Bassem"]
[Result "0-1"]
[WhiteElo "2520"]
[BlackElo "2667"]
[PlyCount "72"]
[EventDate "2024.07.20"]
[EventType "swiss (rapid)"]
[EventRounds "11"]
[EventCountry "HUN"]
[SourceTitle "CBM 221 Extra"]
[Source "ChessBase"]
[SourceDate "2024.09.30"]
[SourceVersion "1"]
[SourceVersionDate "2024.09.30"]
[SourceQuality "1"]

1. e4 e5 2. Nf3 Nc6 3. Bb5 a6 4. Ba4 Nf6 5. 0-0 Be7 6. Re1 b5 7. Bb3 d6 8. a4 Bg4 9. c3 0-0 10. h3 Bh5 11. d3 Na5 12. Bc2 b4 13. Nbd2 Rb8 14. d4 bxc3 15. bxc3 exd4 16. cxd4 c5 17. dxc5 dxc5 18. Qe2 Qc8 19. Ba3 Nc6 20. Qe3 Nb4 21. Rac1 Qd7 22. Bb1 Rfd8 23. Nc4 Qxa4 24. Nh4 Bg6 25. Nxg6 hxg6 26. e5 Nfd5 27. Qg3 Nc6 28. e6 Rxb1 29. exf7+ Kxf7 30. Rxe7+ Ndxe7 31. Qf4+ Kg8 32. Rxb1 Rd4 33. Rb8+ Kh7 34. Qf8 Nxb8 35. Bb2 Qxc4 36. Qxb8 Qb4 0-1

[Event "HUN-ch Rapid"]
[Site "Ajka"]
[Date "2024.07.21"]
[Round "8"]
[White "Livaic, Leon"]
[Black "Amin, Bassem"]
[Result "0-1"]
[WhiteElo "2547"]
[BlackElo "2667"]
[PlyCount "49"]
[EventDate "2024.07.20"]
[EventType "swiss (rapid)"]
[EventRounds "11"]
[EventCountry "HUN"]
[SourceTitle "CBM 221 Extra"]
[Source "ChessBase"]
[SourceDate "2024.09.30"]
[SourceVersion "1"]
[SourceVersionDate "2024.09.30"]
[SourceQuality "1"]

1. e4 e5 2. Nf3 Nc6 3. Bb5 a6 4. Ba4 Nf6 5. d3 d6 6. c4 g6 7. Nc3 Bg7 8. 0-0 0-0 9. Nd5 h6 10. h3 Nd7 11. b4 f5 12. Bb3 Kh7 13. Bb2 f4 14. Rc1 Nd4 15. Nc3 c6 16. Nh2 h5 17. Ne2 f3 18. Nxd4 fxg2 19. Kxg2 Qg5+ 20. Kh1 exd4 21. Rc2 Ne5 22. Bc1 Qh4 23. f4 Bxh3 24. Rg1 Bg4 25. Qe1 0-1

[Event "HUN-ch Rapid"]
[Site "Ajka"]
[Date "2024.07.20"]
[Round "5"]
[White "Amin, Bassem"]
[Black "Czebe, Attila"]
[Result "1/2-1/2"]
[WhiteElo "2667"]
[BlackElo "2323"]
[PlyCount "99"]
[EventDate "2024.07.20"]
[EventType "swiss (rapid)"]
[EventRounds "11"]
[EventCountry "HUN"]
[SourceTitle "CBM 221 Extra"]
[Source "ChessBase"]
[SourceDate "2024.09.30"]
[SourceVersion "1"]
[SourceVersionDate "2024.09.30"]
[SourceQuality "1"]

1. e4 g6 2. d4 Bg7 3. Nf3 d6 4. c3 Nf6 5. Bd3 0-0 6. 0-0 Nbd7 7. Re1 e5 8. a4 c6 9. Bg5 Qc7 10. Nbd2 Re8 11. Bc2 Nf8 12. Nc4 exd4 13. Nxd6 Qxd6 14. e5 Qd8 15. Nxd4 c5 16. exf6 Rxe1+ 17. Qxe1 Bxf6 18. Bxf6 Qxf6 19. Nb5 Be6 20. Qe4 Rd8 21. Qe3 a6 22. Nc7 Qe7 23. Nxe6 Qxe6 24. Qxe6 Nxe6 25. Rd1 Rxd1+ 26. Bxd1 Kf8 27. Bf3 b5 28. Bb7 Nc7 29. axb5 axb5 30. f4 Ke7 31. Kf2 Kd6 32. Ke3 Nd5+ 33. Ke4 f5+ 34. Kf3 Nb6 35. b3 c4 36. bxc4 Nxc4 37. h3 Nb6 38. g4 fxg4+ 39. hxg4 Na4 40. Ke3 Nxc3 41. Kd4 Na4 42. Ba6 b4 43. Bc4 Nc5 44. Bg8 h5 45. f5 hxg4 46. fxg6 Ne6+ 47. Ke3 Ke7 48. Kf2 Kf6 49. Kg3 b3 50. g7 1/2-1/2

[Event "HUN-ch Rapid"]
[Site "Ajka"]
[Date "2024.07.20"]
[Round "3"]
[White "Amin, Bassem"]
[Black "Lizak, Peter"]
[Result "1/2-1/2"]
[WhiteElo "2667"]
[BlackElo "2398"]
[PlyCount "146"]
[EventDate "2024.07.20"]
[EventType "swiss (rapid)"]
[EventRounds "11"]
[EventCountry "HUN"]
[SourceTitle "CBM 221 Extra"]
[Source "ChessBase"]
[SourceDate "2024.09.30"]
[SourceVersion "1"]
[SourceVersionDate "2024.09.30"]
[SourceQuality "1"]

1. Nf3 d5 2. g3 c5 3. Bg2 Nf6 4. 0-0 Nc6 5. d4 e6 6. c4 Be7 7. cxd5 exd5 8. dxc5 Bxc5 9. Nc3 0-0 10. b3 Re8 11. Bb2 a6 12. Rc1 Ba7 13. e3 Bg4 14. h3 Be6 15. Ne2 Ne4 16. Nfd4 Nxd4 17. Bxd4 Bb8 18. Nf4 Bxf4 19. exf4 Qd7 20. g4 f6 21. Qd3 Rac8 22. f5 Bf7 23. Be3 Qb5 24. Qd4 h5 25. Bf3 hxg4 26. hxg4 Qa5 27. a4 Rc6 28. Kg2 Rec8 29. Rxc6 bxc6 30. Rc1 c5 31. Qd3 Re8 32. Bxe4 dxe4 33. Qc3 Qb4 34. Qxc5 Qxc5 35. Rxc5 Bxb3 36. a5 Bd1 37. Kg3 Re7 38. Rc8+ Kh7 39. Kf4 Be2 40. Bd4 Rd7 41. Be3 Re7 42. Rc6 Rd7 43. Re6 Bd3 44. g5 fxg5+ 45. Kxg5 Rd5 46. Re7 Bb5 47. Kf4 Rd7 48. Rxe4 Bd3 49. Re5 Kg8 50. Bb6 Kf7 51. Kg5 Bb5 52. Rc5 Re7 53. Rc8 Re8 54. Rc3 Re1 55. Bd4 Rg1+ 56. Kf4 Be2 57. Rc7+ Kf8 58. Rc8+ Ke7 59. Bc5+ Kd7 60. Rf8 Rg4+ 61. Ke5 Bf3 62. f6 gxf6+ 63. Rxf6 Re4+ 64. Kf5 Rc4 65. Be3 Be2 66. Ke5 Rb4 67. Rd6+ Ke8 68. Kf6 Bb5 69. Bd4 Rc4 70. Ke5 Rc6 71. Rd5 Bc4 72. Rd6 Rxd6 73. Kxd6 Kf7 1/2-1/2

[Event "HUN-ch Rapid"]
[Site "Ajka"]
[Date "2024.07.20"]
[Round "1"]
[White "Amin, Bassem"]
[Black "Restas, Peter"]
[Result "1-0"]
[WhiteElo "2667"]
[BlackElo "2064"]
[PlyCount "77"]
[EventDate "2024.07.20"]
[EventType "swiss (rapid)"]
[EventRounds "11"]
[EventCountry "HUN"]
[SourceTitle "CBM 221 Extra"]
[Source "ChessBase"]
[SourceDate "2024.09.30"]
[SourceVersion "1"]
[SourceVersionDate "2024.09.30"]
[SourceQuality "1"]

1. e4 c5 2. Nf3 d6 3. g3 Nc6 4. Bg2 e5 5. 0-0 g6 6. a3 Bg7 7. d3 Nge7 8. c3 0-0 9. b4 h6 10. Nbd2 Be6 11. Nb3 b6 12. b5 Nb8 13. a4 c4 14. dxc4 Bxc4 15. Re1 Qc7 16. Ba3 Rd8 17. Nfd2 Be6 18. Nf1 a6 19. Bb4 axb5 20. axb5 Rxa1 21. Nxa1 Bc4 22. Qa4 Qd7 23. Rd1 Qxb5 24. Qxb5 Bxb5 25. Rxd6 Rxd6 26. Bxd6 Nbc6 27. Bc7 Nc8 28. Bh3 N6e7 29. Ne3 Bd3 30. f3 b5 31. Nb3 Na7 32. Nc5 Bb1 33. Bd7 f5 34. Nd5 Bf8 35. Be6+ Kh7 36. Nd7 Nxd5 37. Nxf8+ Kg7 38. exd5 Kxf8 39. Bb6 1-0

[Event "HUN-ch Rapid"]
[Site "Ajka"]
[Date "2024.07.20"]
[Round "6"]
[White "Csiszar, Csaba"]
[Black "Amin, Bassem"]
[Result "0-1"]
[WhiteElo "2376"]
[BlackElo "2667"]
[PlyCount "100"]
[EventDate "2024.07.20"]
[EventType "swiss (rapid)"]
[EventRounds "11"]
[EventCountry "HUN"]
[SourceTitle "CBM 221 Extra"]
[Source "ChessBase"]
[SourceDate "2024.09.30"]
[SourceVersion "1"]
[SourceVersionDate "2024.09.30"]
[SourceQuality "1"]

1. d4 e6 2. Nf3 f5 3. c3 Nf6 4. Bg5 h6 5. Bxf6 Qxf6 6. Nbd2 d5 7. Ne5 Bd6 8. f4 0-0 9. e3 c5 10. Bd3 g5 11. 0-0 Nc6 12. g3 g4 13. h3 h5 14. hxg4 hxg4 15. Kg2 Bxe5 16. fxe5 Qh6 17. Qe1 Qh3+ 18. Kg1 Kg7 19. Qf2 Rh8 20. Qg2 Bd7 21. Rf4 Ne7 22. Qxh3 Rxh3 23. Bf1 Rh6 24. Nb3 b6 25. a4 Ng6 26. Rf2 Rah8 27. Bg2 a5 28. Nc1 Nf8 29. Nd3 c4 30. Nf4 Nh7 31. b3 Ng5 32. bxc4 Nf3+ 33. Rxf3 gxf3 34. Bxf3 dxc4 35. Rb1 Rb8 36. Be2 Bc6 37. Rb2 Rh1+ 38. Kf2 Kf7 39. e4 Bxe4 40. Ke3 Rg1 41. Kf2 Rh1 42. Ke3 Rg8 43. g4 Re1 44. Kd2 Rxe2+ 45. Nxe2 Rxg4 46. Ke3 Bc6 47. Rxb6 Bxa4 48. Rb7+ Ke8 49. Nf4 Bd7 50. Kf3 Bc6+ 0-1